| 000 | 00936caa a22002417a 4500 | ||
|---|---|---|---|
| 999 |
_c418533 _d418533 |
||
| 001 | 130525 | ||
| 003 | UA-OsUOA | ||
| 005 | 20200112142357.0 | ||
| 007 | ta | ||
| 008 | 20180506b un ||||| |||| 00| 0 ukr d | ||
| 040 |
_aUA-OsUOA _bukr _cUA-OsUOA _dUA-OsUOA |
||
| 041 | _aukr | ||
| 080 | _a908 | ||
| 090 |
_a908 _bП77 |
||
| 100 | _aПрищепа О. | ||
| 245 |
_aРеформування міського самоуправління на Волині за міським положенням 1870 р.: особливості впровадження та регіональна специфіка _cО. Прищепа |
||
| 300 | _aС. 102–109 | ||
| 650 | 7 | _2UDC | |
| 773 | 0 |
_0373679 _9396127 _dОстрог НаУОА 2000 _o60519 _tНаукові записки. Історичні науки _w(UA-OsUOA) 87717 |
|
| 942 |
_cBKA _2udc |
||
| 955 | _a1 | ||